les reptile et amphibien n°1 - Statistiques

Statistiques générales
  • Ce quiz a été pris 29 fois
    17 depuis la dernière actualisation
  • Le résultat moyen est 6 sur 16
Statistiques - réponses
Par images Réponse % Correct
caïman
92%
tortue araignée
92%
caméléon
75%
alligator
67%
gecko
67%
boa emeuraude
58%
anaconda
50%
gavial
42%
salamandre
33%
grenouille à poche dorsale
25%
iguane
17%
rainette
17%
triton
8%
Caméléon tapis
0%
cortale diamantin
0%
monstre de gila
0%
Aucun quiz correspondant
Distribution des résultats
% des personnes avec chaque résultat
Percentile par nombre de réponses
Votre historique - résultats
Vous n’avez pas pris ce quiz depuis la dernière actualisation